|
|
|
|
| LEADER |
00000nam0a2200000 4500 |
| 001 |
85087 |
| 005 |
20231101213409.0 |
| 020 |
|
|
|a RU
|b 91-20895
|
| 035 |
|
|
|a (RuTPU)RU\TPU\book\91420
|
| 090 |
|
|
|a 85087
|
| 100 |
|
|
|a 20051109d1991 m a0rusy5003 ca
|
| 101 |
0 |
|
|a rus
|
| 102 |
|
|
|a RU
|
| 105 |
|
|
|a a z 001zy
|
| 200 |
1 |
|
|a Частотно-импульсный метод электроосаждения силикатных покрытий
|f В. Е. Мясоедов
|g Ивановский химико-технологический ин-т
|
| 210 |
|
|
|a Иваново
|c ИХТИ
|d 1991
|
| 215 |
|
|
|a 71 с.
|c ил.
|d 21 см
|
| 320 |
|
|
|a Библиогр.: с. 67-70 (75 назв.)
|
| 610 |
1 |
|
|a силикатные материалы
|
| 610 |
1 |
|
|a металлы
|
| 610 |
1 |
|
|a защитные покрытия
|
| 610 |
1 |
|
|a электроосаждение
|
| 610 |
1 |
|
|a суспензии
|
| 675 |
|
|
|a 621.357.74
|z rus
|
| 700 |
|
1 |
|a Мясоедов
|b В. Е.
|4 070
|
| 712 |
0 |
2 |
|a Ивановский химико-технологический институт
|2 stltpush
|3 (RuTPU)RU\TPU\col\7666
|9 24360
|
| 801 |
|
0 |
|a RU
|b RuMRKP
|c 19950417
|g psbo
|
| 801 |
|
1 |
|a RU
|b 63413507
|c 20051109
|g PSBO
|
| 801 |
|
2 |
|a RU
|b 63413507
|c 20051221
|g PSBO
|
| 942 |
|
|
|c BK
|